Calciatori che hanno segnato almeno 5 gol in una partita di Serie A - Statistics

Statistiche generali
  • Questo quiz è stato fatto 27 volte
  • Il punteggio medio è 3 su 15
Statistiche sulle risposte
Gol segnati Partita Calciatore % Corretto
5 Lazio- Bologna 6-0, 2012-13 Miroslav Klose
81%
5 Ambrosiana- Bari 9-2, 1937-38 Giuseppe Meazza
65%
6 Pro Vercelli- Fiorentina 7-2, 1933-34 Silvio Piola
65%
5 Roma- Avellino 5-1, 1985-86 Roberto Pruzzo
50%
6 Juventus- Inter 9-1, 1960-61 Omar Sívor
46%
5 Atalanta- Fiorentina 1-7, 1963-64 Kurt Hamrin
12%
5 Inter- SPAL 8-0, 1958-59 Antonio Angelillo
8%
5 Pro Patria- Roma 6-1, 1929-30 Italo Rossi
8%
5 Triestina- Padova 9-1, 1948-49 Bruno Ispiro
0%
5 Milan- Lazio 6-1, 1957-58 Carlo Galli
0%
5 Roma- Livorno 7-1, 1930-31 Cesare Augusto Fasanelli
0%
5 Verona- Sampdoria 5-3, 1957-58 Emanuele Del Vecchio
0%
5 Padova- Pro Patria 7-0, 1929-30 Giovanni Vecchina
0%
5 Juventus- Bari 6-2, 1939-40 Guglielmo Gabetto
0%
5 Bologna- Livorno 6-2, 1948-49 István Mike Maye
0%
Nessun quiz corrispondente trovato
Distribuzione punteggi
Percentuale di utenti per punteggio
Percentile per numero di risposta
I tuoi punteggi nel tempo
Non hai fatto questo quiz